000 00533nam a2200181Ia 4500
003 GCL
008 140319s9999 xx 000 0 ara d
040 _aGCL /
_cGCL
082 0 4 _a801.951
_bر ع
100 1 _aسهير القلماوى
245 1 0 _aالعلم والشعر /
_cسهير القلماوى
700 1 _aرتشاردز، ا . ا
700 1 _aمصطفى بدوى
490 _aالالف كتاب
_v0
650 0 4 _aالادب - تاريخ ونقد
650 0 4 _aالشعر - تاريخ ونقد
942 _2ddc
_cBK
999 _c50121
_d50121